[Event "DSOL 02 Liga Gr-A 1st"]
[Site "Playchess.com INT"]
[Date "2020.07.24"]
[Round "5.4"]
[White "Baumann, Stephan"]
[Black "Schrepp, Florian"]
[Result "1-0"]
[WhiteElo "1967"]
[BlackElo "1968"]
[PlyCount "103"]
[EventDate "2020.06.22"]
[EventType "team-tourn (rapid)"]
[EventCountry "GER"]
[SourceTitle "EXT 2021"]
[Source "ChessBase"]
[SourceDate "2020.10.23"]
[SourceVersion "1"]
[SourceVersionDate "2020.10.23"]
[SourceQuality "1"]
[WhiteTeam "Muenster"]
[BlackTeam "Ketsch"]
[WhiteTeamCountry "GER"]
[BlackTeamCountry "GER"]

1. e4 g6 2. Nc3 Bg7 3. d3 c6 4. f4 d5 5. Nf3 Nh6 6. Be2 0-0 7. 0-0 Bg4 8. Qe1 Na6 9. Kh1 f6 10. Qh4 Bxf3 11. Bxf3 f5 12. exd5 Nb4 13. dxc6 bxc6 14. Qf2 Rc8 15. Be3 Nd5 16. Nxd5 cxd5 17. c3 a6 18. h3 Nf7 19. Rfe1 e5 20. fxe5 Nxe5 21. Be2 Nc6 22. Bc5 Re8 23. d4 Ra8 24. Bf3 Qd7 25. Qc2 Na5 26. b3 Nb7 27. Ba3 Rac8 28. Qd3 a5 29. Rad1 Kh8 30. c4 dxc4 31. bxc4 Rxe1+ 32. Rxe1 Nd6 33. Bd5 Re8 34. Rxe8+ Nxe8 35. Bc5 Nc7 36. Qf3 h6 37. Kh2 Kh7 38. g3 Qa4 39. Qb3 Qe8 40. Bg2 Ne6 41. Qb6 Ng5 42. Qxa5 Qe2 43. Qa8 Qxc4 44. Qd5 Qe2 45. Qb7 Qxa2 46. h4 Ne6 47. Bb6 f4 48. d5 fxg3+ 49. Kxg3 Qb3+ 50. Kh2 Nc5 51. Qa7 Na4 52. Bd4 1-0

[Event "DSOL 02 Liga Gr-A 1st"]
[Site "Playchess.com INT"]
[Date "2020.07.13"]
[Round "4.4"]
[White "Schrepp, Florian"]
[Black "Kraemer, Stefan"]
[Result "1/2-1/2"]
[WhiteElo "1968"]
[BlackElo "2104"]
[PlyCount "122"]
[EventDate "2020.06.22"]
[EventType "team-tourn (rapid)"]
[EventCountry "GER"]
[SourceTitle "EXT 2021"]
[Source "ChessBase"]
[SourceDate "2020.10.23"]
[SourceVersion "1"]
[SourceVersionDate "2020.10.23"]
[SourceQuality "1"]
[WhiteTeam "Ketsch"]
[BlackTeam "Altstadt Roter Turm"]
[WhiteTeamCountry "GER"]
[BlackTeamCountry "GER"]

1. e4 e6 2. d3 c5 3. g3 Nc6 4. Bg2 g6 5. Nc3 Bg7 6. f4 d6 7. Nf3 Nge7 8. 0-0 0-0 9. Be3 Rb8 10. Qd2 Nd4 11. Nd1 e5 12. Nh4 f6 13. c3 Ndc6 14. f5 g5 15. Nf3 h6 16. Nf2 b6 17. h4 d5 18. Qc1 Ba6 19. Rd1 d4 20. Bd2 Rc8 21. c4 Qd6 22. hxg5 hxg5 23. Rf1 b5 24. b3 Rb8 25. Ng4 bxc4 26. bxc4 Nb4 27. Ne1 Rb6 28. a3 Nbc6 29. Bxg5 fxg5 30. Qxg5 Rf6 31. Nxf6+ Qxf6 32. Qxf6 Bxf6 33. Nf3 Nd8 34. Rab1 Nf7 35. Rxb6 axb6 36. Rb1 Nc8 37. Kf2 Ng5 38. Nxg5 Bxg5 39. Bf3 Kg7 40. Bd1 Kf6 41. Ba4 Ke7 42. Rh1 Nd6 43. Rb1 Nc8 44. Kf3 Kf7 45. Kg4 Bd8 46. Kh5 Nd6 47. Bb5 Bxb5 48. cxb5 c4 49. dxc4 Nxc4 50. g4 Nd6 51. g5 Nxe4 52. g6+ Kf6 53. Rg1 Kg7 54. Kg4 d3 55. Kf3 Nc3 56. Ke3 e4 57. Rh1 Bg5+ 58. Kd4 Bf6+ 59. Ke3 Bg5+ 60. Kd4 Bf6+ 61. Ke3 Bg5+ 1/2-1/2

[Event "GER-ch U25-A"]
[Site "Willingen"]
[Date "2019.06.12"]
[Round "5"]
[White "Bajorski, Marius"]
[Black "Schrepp, Florian"]
[Result "1-0"]
[WhiteElo "1967"]
[BlackElo "1922"]
[PlyCount "119"]
[EventDate "2019.06.08"]
[EventType "swiss"]
[EventRounds "9"]
[EventCountry "GER"]
[SourceTitle "CBM 191 Extra"]
[Source "ChessBase"]
[SourceDate "2019.09.30"]
[SourceVersion "1"]
[SourceVersionDate "2019.09.30"]
[SourceQuality "1"]

1. e4 g6 2. d4 Bg7 3. Nc3 d6 4. f4 a6 5. Nf3 b5 6. e5 Nd7 7. Bd3 e6 8. 0-0 d5 9. Qe1 c5 10. dxc5 Nxc5 11. Be3 Nxd3 12. cxd3 Bd7 13. Bc5 Rc8 14. b4 d4 15. Ne4 Bf8 16. Bxf8 Kxf8 17. Nxd4 Ne7 18. Nd6 Qb6 19. Qf2 Rb8 20. Nb3 Qxf2+ 21. Rxf2 Bc6 22. Rc1 Bd5 23. Nc5 Ra8 24. Rfc2 Kg7 25. Nd7 Nf5 26. Nxf5+ gxf5 27. a3 a5 28. Nb6 Rad8 29. bxa5 Ba8 30. Rc8 Bb7 31. Rxd8 Rxd8 32. Rc7 Rxd3 33. Rxb7 Rxa3 34. Nc8 Rxa5 35. g3 Kg6 36. Nd6 f6 37. Rxb5 Ra1+ 38. Kg2 Rd1 39. Rb7 fxe5 40. fxe5 Rd5 41. Rb5 Rd3 42. Nc4 Rd4 43. Rc5 f4 44. g4 Kg5 45. h3 h5 46. gxh5 Kxh5 47. Kf3 Kg5 48. Rc8 Rd3+ 49. Ke4 Rd1 50. Rg8+ Kh4 51. Rg4+ Kxh3 52. Rxf4 Rd7 53. Rf6 Re7 54. Ne3 Kh4 55. Kf4 Kh5 56. Ng4 Rh7 57. Rxe6 Rf7+ 58. Rf6 Rxf6+ 59. Nxf6+ Kg6 60. Ne4 1-0

[Event "GER-ch U25-A"]
[Site "Willingen"]
[Date "2019.06.11"]
[Round "4"]
[White "Schrepp, Florian"]
[Black "Bargsten, Justus"]
[Result "0-1"]
[WhiteElo "1922"]
[BlackElo "1980"]
[PlyCount "118"]
[EventDate "2019.06.08"]
[EventType "swiss"]
[EventRounds "9"]
[EventCountry "GER"]
[SourceTitle "CBM 191 Extra"]
[Source "ChessBase"]
[SourceDate "2019.09.30"]
[SourceVersion "1"]
[SourceVersionDate "2019.09.30"]
[SourceQuality "1"]

1. e4 c5 2. Nc3 Nc6 3. g3 g6 4. Bg2 Bg7 5. d3 e6 6. f4 Nge7 7. Nf3 d5 8. e5 0-0 9. 0-0 a6 10. g4 f6 11. exf6 Bxf6 12. Re1 b5 13. Qe2 Qc7 14. Nd1 Bd7 15. Nf2 Bg7 16. Nh3 Rae8 17. Ne5 Nxe5 18. fxe5 Nc6 19. Bf4 Rxf4 20. Nxf4 Bxe5 21. Nh3 Bxb2 22. Rab1 Bg7 23. Rf1 Nd4 24. Qd2 b4 25. Qg5 Nxc2 26. Nf4 Qe5 27. Qxe5 Bxe5 28. Nh3 Bb5 29. Rf3 Bd4+ 30. Kh1 Ne3 31. Nf2 Nxg2 32. Kxg2 a5 33. g5 c4 34. Ng4 Bg7 35. Nf6+ Bxf6 36. gxf6 Kf7 37. d4 e5 38. dxe5 Rxe5 39. Rbf1 Bd7 40. Rf4 Bf5 41. Rh4 h5 42. Rd4 Kxf6 43. Rfd1 Be4+ 44. Kg3 c3 45. Rc1 Rg5+ 46. Kf4 Rg4+ 47. Ke3 Ke5 48. a3 Rh4 49. Rdd1 d4+ 50. Kf2 Rxh2+ 51. Kg3 Rg2+ 52. Kh3 bxa3 53. Re1 Rf2 54. Kg3 Rf3+ 55. Kh4 a2 56. Ra1 Rf2 57. Kg3 Rb2 58. Kh4 Kf4 59. Rf1+ Bf3 0-1

[Event "Baden-ch U2000"]
[Site "Walldorf"]
[Date "2017.07.30"]
[Round "7"]
[White "Kneis, Harald"]
[Black "Schrepp, Florian"]
[Result "1/2-1/2"]
[WhiteElo "1909"]
[BlackElo "1941"]
[PlyCount "39"]
[EventDate "2017.07.26"]
[EventType "swiss"]
[EventRounds "7"]
[EventCountry "GER"]
[SourceTitle "EXT 2018"]
[Source "ChessBase"]
[SourceDate "2017.10.13"]
[SourceVersion "1"]
[SourceVersionDate "2017.10.13"]
[SourceQuality "1"]

1. e4 g6 2. Nc3 Bg7 3. g3 c6 4. Bg2 e5 5. d3 d6 6. Be3 Nd7 7. Qd2 a5 8. Nge2 Ne7 9. Bh6 0-0 10. h4 Nf6 11. f3 Kh8 12. Bxg7+ Kxg7 13. h5 Nxh5 14. g4 Nf4 15. Nxf4 exf4 16. Qxf4 Ng8 17. 0-0-0 h6 18. Qg3 g5 19. Rdf1 f6 20. d4 1/2-1/2

[Event "Baden-ch U2000"]
[Site "Walldorf"]
[Date "2017.07.28"]
[Round "4"]
[White "Schrepp, Florian"]
[Black "Lasschuit, Rene"]
[Result "1-0"]
[WhiteElo "1941"]
[BlackElo "1771"]
[PlyCount "113"]
[EventDate "2017.07.26"]
[EventType "swiss"]
[EventRounds "7"]
[EventCountry "GER"]
[SourceTitle "EXT 2018"]
[Source "ChessBase"]
[SourceDate "2017.10.13"]
[SourceVersion "1"]
[SourceVersionDate "2017.10.13"]
[SourceQuality "1"]

1. e4 c5 2. Nc3 Nc6 3. g3 g6 4. Bg2 Bg7 5. d3 d6 6. f4 Nf6 7. Nf3 0-0 8. 0-0 Rb8 9. Ne2 d5 10. e5 Ng4 11. h3 Nh6 12. c3 d4 13. g4 f6 14. Ng3 fxe5 15. fxe5 Nf7 16. c4 Nfxe5 17. Nxe5 Rxf1+ 18. Qxf1 Nxe5 19. Qe2 Nf7 20. Bd2 Kh8 21. Rf1 Nd6 22. Bf4 b6 23. Re1 e6 24. Ne4 e5 25. Nxd6 Qxd6 26. Bxe5 Qxe5 27. Qxe5 Bxe5 28. Rxe5 Bb7 29. Re7 Bxg2 30. Kxg2 a5 31. a4 Rf8 32. g5 Kg8 33. Rb7 Re8 34. Rxb6 Re3 35. Rb5 Rxd3 36. Rxc5 Rd2+ 37. Kf3 Rxb2 38. Rxa5 Rb3+ 39. Ke4 Rxh3 40. Kxd4 h5 41. gxh6 Kh7 42. Ra8 Rxh6 43. c5 g5 44. Kd5 Rh1 45. Re8 Rd1+ 46. Kc4 Rc1+ 47. Kb5 Rb1+ 48. Ka6 Rc1 49. Kb6 Rb1+ 50. Kc7 Kg6 51. c6 g4 52. Kc8 Kf5 53. c7 g3 54. Kd7 Rd1+ 55. Ke7 Rc1 56. c8Q+ Rxc8 57. Rxc8 1-0

[Event "Baden-ch U12"]
[Site "Karlsruhe"]
[Date "2012.01.04"]
[Round "5"]
[White "Schrepp, Florian"]
[Black "Riegel, Arinna"]
[Result "1-0"]
[WhiteElo "1038"]
[BlackElo "1274"]
[PlyCount "123"]
[EventDate "2012.01.03"]
[EventType "swiss"]
[EventRounds "7"]
[EventCountry "GER"]
[SourceTitle "EXT 2015"]
[Source "ChessBase"]
[SourceDate "2014.11.20"]
[SourceVersion "1"]
[SourceVersionDate "2014.11.20"]
[SourceQuality "1"]

1. d4 d5 2. c4 e6 3. Nc3 Nf6 4. e3 Be7 5. Nf3 0-0 6. Bd3 b6 7. 0-0 Bb7 8. Re1 Ne4 9. Bxe4 dxe4 10. Nd2 c5 11. Ndxe4 Qc7 12. Ng3 Qc6 13. f3 Qc7 14. Nb5 Qc8 15. dxc5 Qxc5 16. b3 a6 17. Ba3 Qc8 18. Bxe7 Re8 19. Nd6 Qc6 20. Nxe8 Qxe8 21. Qd8 Qxd8 22. Bxd8 Nd7 23. Rad1 Rxd8 24. Ne4 Bc6 25. c5 Rb8 26. Rd6 Bxe4 27. fxe4 Nxc5 28. Red1 g6 29. Rd8+ Rxd8 30. Rxd8+ Kg7 31. Rd6 b5 32. Rc6 Nxe4 33. Rxa6 Nc3 34. a4 b4 35. Kf2 Kf6 36. Rb6 Nd5 37. Rb5 Ke5 38. a5 Kd6 39. Rb7 Kc6 40. Rxf7 Kb5 41. Rxh7 Kxa5 42. Rg7 Kb6 43. Rxg6 Nc7 44. h4 Kc6 45. h5 Kd6 46. h6 Nd5 47. h7 Ne7 48. h8Q Nxg6 49. Qd4+ Ke7 50. Qxb4+ Kf6 51. Qc4 Kf7 52. b4 Kf6 53. b5 Kf7 54. b6 Kf6 55. b7 Kf7 56. b8Q Kf6 57. Qd4+ Kf7 58. Qc7+ Ne7 59. Qdf4+ Ke8 60. Qh4 Kf8 61. Qhxe7+ Kg8 62. Qg7# 1-0